| 000 | 00401nam a2200145Ia 4500 | ||
|---|---|---|---|
| 008 | 221030s9999 xx 000 0 und d | ||
| 020 | _a0241188514 | ||
| 041 | _aEnglish | ||
| 100 | _aR. Sharma | ||
| 245 | 4 |
_aThe Rise & Fall of Nations : Ten Rules of Change in the Post - Crisis World _cby R. Sharma |
|
| 260 |
_bPenguin Random House _aUK _c2016 |
||
| 300 | _a464 | ||
| 650 | _aGeneral | ||
| 942 | _cBK | ||
| 999 |
_c17590 _d17590 |
||